000 00819 a2200205 4500
001 41339
005 20260407155707.0
008 260407a2017 arg spa d
003 AR-UNSa-BCEJYS
040 _aAR-UNSa-BCEJYS
_bspa
_cAR-UNSa-BCEJYS
080 _a336.226.1
_xImpuestos a las ganancias o los beneficios (Impuesto Diferido)
245 1 0 _aGanancias
_pmodificaciones para el año 2017
264 1 _aBuenos Aires :
_bErrepar
_c2017
300 _a42 p.
_c21 cm.
505 _a1. Modificaciones del impuesto a las ganancias para el año 2017 / Mario Rapisarda - 2. Ley del impuesto a las ganancias actualizada (parte pertinente)
041 _aspa
942 _cBK
590 _aniveau_biblio:m niveau_hierar:0
856 4 1 _uhttps://biblioeco.unsa.edu.ar/pmb/images/libros/E00038.jpg
_yImagen de portada
_qimage/jpeg
999 _c3473
_d3473